000 00561nam a2200217Ia 4500
003 OSt
005 20220928141837.0
006 a|||||r|||| 00| 0
007 ta
008 220927b |||||||| |||| 00| 0 eng d
024 _a18052
037 _cTextual
040 _aSDCL
_cSDCL
_beng
041 _2eng
_aeng
082 _aX:87, M5
100 _aFreemantle David
_9502475
245 0 _aSuperboss
_b The A-Z of managing people successfully
260 _c1985
942 _hX:87, M5
_cTEXL
_2CC
999 _c820324
_d820324